000 00714nam a2200217Ia 4500
999 _c45418
_d45418
001 12242
003 GE_BSU
005 20221117153732.0
008 181216s2001en xx |||||||||||||| ||eng||
020 _a9780761918479 x
040 _cGE_BSU
041 _aeng
080 _a614.2 G-79
100 _aGrembowski, David.
_915898
245 4 _aThe Practice of Health Program Evaluation /
_cDavid Grembowski.
264 _aLondon:
_bThousand Oaks,Calif,Sage Publations,
_c2001.
300 _a323 p.:
_b24 cm.
_cill;
653 _aThe Practice of Health Program Evaluation.
653 _aჯანდაცვის პრაქტიკის პროგრამის შეფასება.
942 _cBK
_2udc